000 00811nam a2200205 a 4500
003 0
005 20250210151303.0
008 130126s19uu xx 00 eng d
050 _aPHS HQ 755.85
_b.An594 2012
100 _aAngulo, Katrisse Alexa C.
245 _aSignificant difference on the extent of sibling rivalry according to family structure /
_cKatrisse Alexa C. Angulo.
260 _aLas PiƱas City, Philippines :
_bSouthville International School and Colleges,
_c2012.
300 _a18 pages :
_billustrations ;
_c28 cm.
504 _aIncludes bibliographical references.
650 _aSibling rivalry
_xPsychological aspects.
650 _aBirth order
_xPsychological aspects.
650 _aFamily structure
_xSocial aspects.
650 _aChild development
_xFamily influences.
942 _2lcc
_cPASS
999 _c98859
_d98859